Nutrition through the life cycle (Registro nro. 237576)
[ vista simple ]
| 000 -LEADER | |
|---|---|
| campo de control de longitud fija | 00464nam a2200157Ia 4500 |
| 005 - FECHA Y HORA DE LA ÚLTIMA TRANSACCIÓN | |
| campo de control | 20250425162837.0 |
| 008 - DATOS DE LONGITUD FIJA--INFORMACIÓN GENERAL | |
| campo de control de longitud fija | 250425s9999 xx 000 0 und d |
| 020 ## - NÚMERO INTERNACIONAL ESTÁNDAR DEL LIBRO | |
| Número Internacional Estándar del Libro | 9781337919333 |
| 041 ## - CÓDIGO DE IDIOMA | |
| Código de lengua del texto/banda sonora o título independiente | eng |
| 082 ## - NÚMERO DE LA CLASIFICACIÓN DECIMAL DEWEY | |
| Número de clasificación | 612.39 |
| Iniciales del Autor | BRO |
| 010 ## - NÚMERO DE CONTROL DE LA BIBLIOTECA DEL CONGRESO | |
| Número de control de LC | 112432 |
| 100 ## - ENTRADA PRINCIPAL--NOMBRE DE PERSONA | |
| Nombre de persona | Brown, Judith |
| 245 #0 - MENCIÓN DEL TÍTULO | |
| Título | Nutrition through the life cycle |
| Mención de responsabilidad, etc. | Judith E. Brown, Ellen Lechtenberg, Maureen A. Murtaugh, Patricia L. Splett, Jaime Strang ÿ otros |
| 260 ## - PUBLICACIÓN, DISTRIBUCIÓN, ETC. | |
| -- | |
| Nombre del editor, distribuidor, etc. | Cengage |
| 942 ## - ELEMENTOS DE ENTRADA SECUNDARIOS (KOHA) | |
| Tipo de ítem Koha | Libros |
| Estatus retirado | Estado de pérdida | Estado de daño | No para préstamo | Biblioteca de origen | Biblioteca actual | Fecha de adquisición | Coste, precio normal de compra | Etiqueta RFID | Total de préstamos | Código de barras | Copia número | Tipo de ítem Koha |
|---|---|---|---|---|---|---|---|---|---|---|---|---|
| CENTRO DE INFORMACIÓN BIBLIOTECARIA | CENTRO DE INFORMACIÓN BIBLIOTECARIA | 18/10/2022 | 297.00 | 0000000000000000035929 | 80815 | 1 | Libros |